000 00735nam a2200205 i 4500
001 14388
003 ES-MaACL
005 20250902085359.0
007 t|
008 980817s1997 sp a |||| | spa j
080 _a61(460.156)(091)
245 0 0 _aHistoria de la medicina en Alava /
_ccoordinación y dirección, Pedro M. Ramos Calvo.
260 _aVictoria-Gasteiz :
_bReal Sociedad Bascongada de los Amigos del País :
_bColegio de Médicos de Álava,
_c1997.
300 _a309 p. :
_bil. ;
_c21 cm.
650 1 4 _aMedicina-
_zÁlava
_914892
700 1 _aRamos Calvo, Pedro Manuel.
_995290
710 2 _aReal Sociedad Bascongada de los Amigos del País
_96366
852 _aES-MaACL
_jL-21616
999 _c14388
_d14388